Logo BPK

Biblioteka

Politechniki Koszalińskiej

Industrialisierung der Bautechnik : (Rekord nr 11723)

Szczegóły MARC
000 -ETYKIETA REKORDU
podpole kontrolne o stałej długości 00428nam a2200157 i 4500
001 - NUMER KONTROLNY REKORDU
pole kontrolne bg
040 ## - ŹRÓDŁO KATALOGOWANIA
Instytucja, która utworzyła rekord BPK
041 ## - KOD JĘZYKA
Kod języka tekstu pol
080 ## - UNIWERSALNA KLASYFIKACJA DZIESIĘTNA - UKD
UKD 666.97/.98
008 - POLE O STAŁEJ DŁUGOŚCI - DANE KONTROLNE
podpole kontrolne o stałej długości s pl f |000 0 pol
100 1# - NAZWA OSOBOWA
Nazwa osobowa HALASZ, Robert von
245 #0 - TYTUŁ/ODPOWIEDZIALNOŚĆ
Tytuł Industrialisierung der Bautechnik :
Ciąg dalszy tytułu Bauen und Stahlbetonfertigteilen /
Pozostałe elementy strefy tytułu i oznaczenia odpowiedzialności Robert von Halasz.
260 ## - STREFA ADRESU WYDAWNICZEGO
Miejsce wydania Düsseldorf :
Nazwa wydawcy/dystrybutora Werner,
Data publikacji, dystrybucji/powstania dokumentu 1967.
300 ## - STREFA OPISU FIZYCZNEGO
Objętość 296 s. :
Inne cechy fizyczne il.
856 ## - LOKALIZACJA I DOSTĘP DO ELEKTRONICZNYCH DOKUMENTÓW ZDALNYCH
Link (URL) http://koha.tu.koszalin.pl/cgi-bin/koha/opac-detail.pl?biblionumber=11723
Tekst linku Katalog online BPK
942 ## - DODATKOWE ELEMENTY (KOHA)
Typ dokumentu Książka
Egzemplarze
Wycofany Status egzemplarza Uszkodzony Dostępność Lokalizacja stała Lokalizacja bieżąca Miejsce przechowywania Sygnatura Kod kreskowy Typ dokumentu
      Dostępny Biblioteka Politechniki Koszalińskiej Biblioteka Politechniki Koszalińskiej Wypożyczalnia BG 5391 02031606 Książka
© 2023 Biblioteka Politechniki Koszalińskiej :: KOHA